Statistics for Formula One Nations: Drivers #2

Click here to take the quiz!

General Stats

  • This quiz has been taken 135 times
  • The average score is 17 of 20

Answer Stats

DriverCountry% Correct
Antonio GiovinazziItaly
100%
Lando NorrisUnited Kingdom
98%
Romain GrosjeanFrance
97%
Max VerstappenNetherlands
97%
Sebastian VettelGermany
96%
Felipe MassaBrazil
95%
Mika HäkkinenFinland
95%
Mark WebberAustralia
90%
Juan Manuel FangioArgentina
89%
Jacques VilleneuveCanada
88%
Aguri SuzukiJapan
88%
Gerhard BergerAustria
87%
Phill HillUnited States
86%
Pedro de la RosaSpain
82%
Jody ScheckterSouth Africa
81%
Bruce McLarenNew Zealand
80%
Esteban GutiérrezMexico
79%
Jacky IckxBelgium
78%
Ronnie PetersonSweden
74%
Sébastien BuemiSwitzerland
66%

Score Distribution

Percentile by Number Answered

Percent of People with Each Score

Your Score History

You have not taken this quiz